Statistics for Former "Country" Flags #10-Eastern Africa

Click here to take the quiz!

General Stats

  • This quiz has been taken 14 times
  • The average score is 4 of 6

Answer Stats

Answer% Correct
Kenya
100%
People's Republic of Mozambique
92%
People's Republic of Zanzibar
77%
Sultanate of Zanzibar
77%
Tanganyika
62%
Witu Sultanate
15%

Score Distribution

Percentile by Number Answered

Percent of People with Each Score

Your Score History

You have not taken this quiz